000 00689nam a2200289Ia 4500
005 20260324114202.0
008 008 260324s9999 xx 000 0 eng d
020 _a9781003371564
037 _aEBOOK
040 _aCRL
040 _beng
040 _cCRL
041 _2eng
041 _aeng
084 _qCRL
100 _aJulie Wartell; Vince Vasquez
_91149775
245 0 _aCraft Breweries and Cities
245 0 _bPerspectives from the Field
260 _bTaylor and Francis
260 _c2023
365 _a
365 _b87.99
856 _uhttp://www.taylorfrancis.com/books/9781003371564
942 _cEBOOK
999 _c1739816
_d1739816